书目信息 |
| 题名: |
敌后游击战
|
|
| 作者: | 高鹏 编著 ;金爽 绘 | |
| 分册: | ||
| 出版信息: | 北京 团结出版社 2005.01 |
|
| 页数: | 172页 | |
| 开本: | 23cm | |
| 丛书名: | 图片中国抗战丛书 | |
| 单 册: | ||
| 中图分类: | E297.3 , K265.1 | |
| 科图分类: | ||
| 主题词: | 抗日战争--kang ri zhan zheng--1937-1945--战争史 | |
| 电子资源: | ||
| ISBN: | 7-80130-929-4 | |
| 000 | 01089nam 2200313 450 | |
| 001 | 012008551875 | |
| 005 | 20080319091152.85 | |
| 010 | @a7-80130-929-4@dCNY26.00 | |
| 100 | @a20080318d2005 km y0chiy0120 ea | |
| 101 | 0 | @achi |
| 102 | @aCN@b110000 | |
| 105 | @aac a 000yy | |
| 106 | @ar | |
| 200 | 1 | @a敌后游击战@Adi hou you ji zhan@e战争史奇观@f高鹏编著@Fgao peng bian zhu@g金爽绘@Gjin shuang hui |
| 210 | @a北京@c团结出版社@d2005.01 | |
| 215 | @a172页@c图, 肖像@d23cm | |
| 225 | 2 | @a图片中国抗战丛书@Atu pian zhong guo kang zhan cong shu |
| 320 | @a有书目 (第172页)。 | |
| 330 | @a本书用大量真实的现场照片,铭记付出巨大代价的中国14年的抗战历史。 | |
| 410 | 0 | @12001 @a图片中国抗战丛书 |
| 517 | 1 | @a战争史奇观@Azhan zheng shi qi guan |
| 601 | 02 | @a中国共产党@Azhong guo gong chan dang@x抗日战争 (1937-1945)@x史料 |
| 606 | 0 | @a抗日战争@Akang ri zhan zheng@z1937-1945@x战争史 |
| 690 | @aE297.3@v4 | |
| 690 | @aK265.1@v4 | |
| 701 | 0 | @a高鹏@Agao peng@4编著 |
| 702 | 0 | @a金爽@Ajin shuang@4绘 |
| 801 | 0 | @aCN@bQSSK@c20080319 |
| 905 | @b20287508-10@dK265.1@eG162@f3 | |
| 敌后游击战:战争史奇观/高鹏编著/金爽绘.-北京:团结出版社,2005.01 |
| 172页:图, 肖像;23cm.-(图片中国抗战丛书) |
| ISBN 7-80130-929-4:CNY26.00 |
| 本书用大量真实的现场照片,铭记付出巨大代价的中国14年的抗战历史。 |
| ● |
| 相关链接 |
|
|
|
正题名:敌后游击战
索取号:K265.1/G162
 
预约/预借
| 序号 | 登录号 | 条形码 | 馆藏地/架位号 | 状态 | 备注 |
| 1 | 287508 | 202875086 | 社科库309/309社科库 36排5列4层/ [索取号:K265.1/G162] | 在馆 | |
| 2 | 287509 | 202875095 | 社科库309/309社科库 36排5列4层/ [索取号:K265.1/G162] | 在馆 | |
| 3 | 287510 | 202875102 | 社科库309/309社科库 36排5列4层/ [索取号:K265.1/G162] | 在馆 |